000 00659nam a22002177a 4500
003 UA-OsUOA
001 131915
007 ta
008 20180625b un ||||| |||| 00| 0 ukr d
100 _aСюндюков І.
090 _a94(477)
_bС98
942 _cSA
040 _aUA-OsUOA
_bukr
_cUA-OsUOA
_dUA-OsUOA
245 _aРодовід орди. Фрідріх Енгельс - про дореволюційну імперську Росію: повчальні паралелі
300 _aС.2122
955 _a0
041 _aukr
080 _a94(477)
773 0 _w131912
650 7 _a9 Географія. Біографії. Історія
_2UDC
999 _c420366
_d420366